Statistics for Astrology Zodiac Quiz

Click here to take the quiz!

General Stats

  • This quiz has been taken 129 times
  • The average score is 8 of 13

Answer Stats

zodiac nameAnswer% Correct
Leolion
94%
Piscesfish
93%
Cancercrab
87%
ScorpioScorpion
83%
Taurusbull
82%
Geminitwins
81%
Airesram
77%
Aquariuswater bearer
50%
Sagittariusarcher
42%
Virgomaiden
39%
Librabalance
32%
Capricornmountain goat
6%
Ophuicussnake bearer
4%

Score Distribution

Percentile by Number Answered

Percent of People with Each Score

Your Score History

You have not taken this quiz